[Event "Rheinland Pfalz op 11th"]
[Site "Weilerbach"]
[Date "2019.06.21"]
[Round "4"]
[White "Ganssauge, Wolfgang"]
[Black "Hetzer, Margarete"]
[Result "1-0"]
[WhiteElo "1601"]
[BlackElo "1032"]
[PlyCount "49"]
[EventDate "2019.06.20"]
[EventType "swiss"]
[EventRounds "7"]
[EventCountry "GER"]
[SourceTitle "CBM 191 Extra"]
[Source "ChessBase"]
[SourceDate "2019.09.30"]
[SourceVersion "1"]
[SourceVersionDate "2019.09.30"]
[SourceQuality "1"]

1. e4 Nf6 2. Nc3 d6 3. d4 Nbd7 4. Be3 g6 5. f3 Bg7 6. Qd2 c6 7. Bh6 0-0 8. Bxg7 Kxg7 9. 0-0-0 Re8 10. g4 Nb6 11. h4 d5 12. e5 Nc4 13. Bxc4 dxc4 14. exf6+ exf6 15. Nge2 f5 16. g5 a5 17. h5 f6 18. gxf6+ Qxf6 19. hxg6 Be6 20. Rxh7+ Kg8 21. Rdh1 Qxg6 22. Nf4 Qg5 23. d5 cxd5 24. Qd4 Re7 25. Qh8# 1-0

[Event "Rheinland Pfalz op 11th"]
[Site "Weilerbach"]
[Date "2019.06.20"]
[Round "1"]
[White "Stuemer, Paul"]
[Black "Ganssauge, Wolfgang"]
[Result "1-0"]
[WhiteElo "2051"]
[BlackElo "1601"]
[PlyCount "67"]
[EventDate "2019.06.20"]
[EventType "swiss"]
[EventRounds "7"]
[EventCountry "GER"]
[SourceTitle "CBM 191 Extra"]
[Source "ChessBase"]
[SourceDate "2019.09.30"]
[SourceVersion "1"]
[SourceVersionDate "2019.09.30"]
[SourceQuality "1"]

1. Nf3 d5 2. e3 Nf6 3. c4 e6 4. b3 Nbd7 5. Qc2 Bd6 6. Ba3 Qe7 7. Bxd6 Qxd6 8. Nc3 b6 9. Nb5 Qc6 10. Nfd4 Qb7 11. cxd5 Nxd5 12. Nc6 a6 13. e4 axb5 14. exd5 Nb8 15. Bxb5 Bd7 16. 0-0 0-0 17. Rfc1 Re8 18. dxe6 fxe6 19. Qe4 Nxc6 20. Bxc6 Bxc6 21. Rxc6 e5 22. Qc4+ Kh8 23. Rxc7 Qb8 24. Qf7 Rg8 25. a4 Qd8 26. Rd7 Qg5 27. Qe7 Qf5 28. h3 Raf8 29. Rf1 Rf6 30. Rc7 Rg6 31. Rc3 Rf8 32. Re3 h6 33. Qxe5 Qf7 34. d4 1-0

[Event "Saarland-ch A 89th"]
[Site "Stennweiler"]
[Date "2014.04.11"]
[Round "1"]
[White "Ganssauge, Wolfgang"]
[Black "Schera, Michael"]
[Result "0-1"]
[WhiteElo "1500"]
[BlackElo "1710"]
[PlyCount "44"]
[EventDate "2014.04.11"]
[EventType "swiss"]
[EventRounds "9"]
[EventCountry "GER"]
[SourceTitle "EXT 2016"]
[Source "ChessBase"]
[SourceDate "2015.10.08"]
[SourceVersion "1"]
[SourceVersionDate "2015.10.08"]
[SourceQuality "1"]

1. e4 e5 2. Nf3 Nc6 3. Bb5 a6 4. Bxc6 dxc6 5. h3 Bc5 6. c3 Qd3 7. Qe2 Qxe2+ 8. Kxe2 f6 9. d4 exd4 10. Nxd4 Bd6 11. Be3 c5 12. Nc2 Be6 13. Nd2 Ne7 14. Rhf1 Nc6 15. f4 b6 16. Kf3 0-0-0 17. b3 h6 18. Rad1 g5 19. Nc4 Bxc4 20. bxc4 gxf4 21. Bxf4 Ne5+ 22. Ke2 Nxc4 0-1

[Event "Saarland-ch C"]
[Site "Schiffweiler"]
[Date "2009.04.04"]
[Round "2"]
[White "Ganssauge, Wolfgang"]
[Black "Bruehan, Sascha"]
[Result "1/2-1/2"]
[WhiteElo "1426"]
[BlackElo "1103"]
[PlyCount "112"]
[EventDate "2009.04.03"]
[EventType "swiss"]
[EventRounds "9"]
[EventCountry "GER"]
[SourceTitle "EXT 2012"]
[Source "ChessBase"]
[SourceDate "2011.11.24"]
[SourceVersion "1"]
[SourceVersionDate "2011.11.24"]
[SourceQuality "1"]

1. e4 e5 2. Nf3 Nc6 3. Bb5 Nd4 4. Nxd4 exd4 5. c3 Bc5 6. Qf3 Qe7 7. 0-0 Qe5 8. d3 Bd6 9. Bxd7+ Bxd7 10. g3 Qe6 11. cxd4 Qh3 12. e5 Bxe5 13. Qxb7 Rc8 14. dxe5 Ne7 15. Qg2 Qf5 16. d4 Bc6 17. f3 Bb5 18. Re1 Bc6 19. Rf1 Bb5 20. Rf2 Bc6 21. Nc3 Rd8 22. Be3 0-0 23. Rd1 Nd5 24. Nxd5 Bxd5 25. b3 Rde8 26. Qf1 f6 27. Qd3 Qh3 28. Qf1 Qxf1+ 29. Rdxf1 fxe5 30. dxe5 Rxe5 31. Bxa7 Ref5 32. f4 Re8 33. Bd4 c5 34. Be5 c4 35. bxc4 Bxc4 36. Rc1 Bd5 37. Rc7 Rf7 38. Rxf7 Kxf7 39. Rd2 Ke6 40. Bxg7 Ra8 41. Be5 Bxa2 42. Rd6+ Kf5 43. h3 Rc8 44. Rd2 Rc1+ 45. Kh2 Bc4 46. g4+ Ke4 47. Rf2 Bf1 48. Bf6 Ke3 49. Bh4 Be2 50. f5 Rb1 51. f6 Bf3 52. f7 Rh1+ 53. Kg3 Rg1+ 54. Kh2 Rh1+ 55. Kg3 Rg1+ 56. Kh2 Rh1+ 1/2-1/2

[Event "Saarland-ch C"]
[Site "Saarlouis Steinrausch"]
[Date "2005.03.25"]
[Round "8"]
[White "Ganssauge, Wolfgang"]
[Black "Stolz, Susanne"]
[Result "1/2-1/2"]
[WhiteElo "1436"]
[BlackElo "1322"]
[PlyCount "71"]
[EventDate "2005.03.18"]
[EventType "swiss"]
[EventRounds "9"]
[EventCountry "GER"]
[SourceTitle "EXT 2012"]
[Source "ChessBase"]
[SourceDate "2011.11.24"]
[SourceVersion "1"]
[SourceVersionDate "2011.11.24"]
[SourceQuality "1"]

1. e4 c6 2. d4 d5 3. Nc3 dxe4 4. Nxe4 Bf5 5. Ng3 Bg6 6. Nf3 Nf6 7. Bd3 e6 8. Bg5 Be7 9. 0-0 0-0 10. Bxg6 hxg6 11. Re1 Nbd7 12. c3 Nd5 13. Bxe7 Qxe7 14. Ne5 Rad8 15. Nxd7 Rxd7 16. Qg4 c5 17. dxc5 Qxc5 18. Ne4 Qc7 19. Ng5 Qf4 20. Qxf4 Nxf4 21. Rad1 Rfd8 22. Rxd7 Rxd7 23. Nf3 Kf8 24. g3 Nd5 25. Rd1 f6 26. c4 Nb6 27. Rxd7 Nxd7 28. Nd4 Ke7 29. Kg2 Ne5 30. c5 Nd3 31. c6 bxc6 32. Nxc6+ Kd6 33. Nxa7 Nxb2 34. Nb5+ Kc6 35. Na7+ Kb7 36. Nb5 1/2-1/2